THE CONDUCT OF HOSTILITIES UNDER THE LAW OF INTERNATIONAL ARMED CONFLICT (Record no. 10374)

MARC details
000 -LEADER
fixed length control field 00418nam a22001577a 4500
003 - CONTROL NUMBER IDENTIFIER
control field OSt
005 - DATE AND TIME OF LATEST TRANSACTION
control field 20211007121003.0
008 - FIXED-LENGTH DATA ELEMENTS--GENERAL INFORMATION
fixed length control field 211007b |||||||| |||| 00| 0 eng d
020 ## - INTERNATIONAL STANDARD BOOK NUMBER
International Standard Book Number 9780521121316
040 ## - CATALOGING SOURCE
Original cataloging agency HU
Transcribing agency DDC
082 ## - DEWEY DECIMAL CLASSIFICATION NUMBER
Classification number 341.6
245 ## - TITLE STATEMENT
Title THE CONDUCT OF HOSTILITIES UNDER THE LAW OF INTERNATIONAL ARMED CONFLICT
260 ## - PUBLICATION, DISTRIBUTION, ETC.
Place of publication, distribution, etc. NEW YORK
Name of publisher, distributor, etc. CAMBRIDGE
Date of publication, distribution, etc. 2010
300 ## - PHYSICAL DESCRIPTION
Extent 297,P,25CM
942 ## - ADDED ENTRY ELEMENTS (KOHA)
Source of classification or shelving scheme Dewey Decimal Classification
Koha item type Books like text book referance book
Suppress in OPAC No
Holdings
Withdrawn status Lost status Source of classification or shelving scheme Damaged status Not for loan Home library Current library Shelving location Date acquired Total Checkouts Full call number Barcode Date last seen Copy number Price effective from Koha item type
    Dewey Decimal Classification     Law & Governance lLbrary Law & Governance lLbrary General Stacks 10/07/2021   341.6/DIN LGCLIB0000743 10/07/2021 C1 10/07/2021 Books like text book referance book
    Dewey Decimal Classification     Law & Governance lLbrary Law & Governance lLbrary General Stacks 10/07/2021   341.6/DIN LGCLIB0000744 10/07/2021 C2 10/07/2021 Books like text book referance book
    Dewey Decimal Classification     Law & Governance lLbrary Law & Governance lLbrary General Stacks 11/03/2021   341.6/DIN LGCLIB0004608 11/03/2021 C3 11/03/2021 Books like text book referance book
    Dewey Decimal Classification     Law & Governance lLbrary Law & Governance lLbrary General Stacks 11/03/2021   341.6/DIN LGCLIB0004605 11/03/2021 C4 11/03/2021 Books like text book referance book
    Dewey Decimal Classification     Law & Governance lLbrary Law & Governance lLbrary General Stacks 11/03/2021   341.6/DIN LGCLIB0004606 11/03/2021 C5 11/03/2021 Books like text book referance book
    Dewey Decimal Classification     Law & Governance lLbrary Law & Governance lLbrary General Stacks 11/03/2021   341.6/DIN LGCLIB0004595 11/03/2021 C7 11/03/2021 Books like text book referance book
    Dewey Decimal Classification     Law & Governance lLbrary Law & Governance lLbrary General Stacks 11/03/2021   341.6/DIN LGCLIB0004607 11/03/2021 C8 11/03/2021 Books like text book referance book